Programa especial mejoramiento de la calidad de la educación Peruana. Oferta y demanda de formación docente en el Perú

Este libro recoge las propuestas de intervención que con el aporte del Banco Mundial se diseñan para mejorar la calidad de la educación, revalorizar la carrera magisterial e incorporar las nuevas tecnologías de la información a la educación publica.

Gardado en:
Detalles Bibliográficos
Autor Principal: Alcázar, Lorena
Outros autores: Balcázar, Rosa
Formato: Libro
Idioma:Spanish
Publicado: Lima: Ministerio de educación, 2001
Series:Documento de trabajo; No. 7
Subjects:
Acceso en liña:Enlace del recurso
Tags: Engadir etiqueta
Sen Etiquetas, Sexa o primeiro en etiquetar este rexistro!

MARC

LEADER 00000nam a2200000 a 4500
001 001124
008 030617s2001 pe # fr# o000|0#spa#d
020 |a 9972-881-07-5 
041 0 |a spa 
043 |a s-pe--- 
100 1 |a Alcázar, Lorena 
245 1 0 |a Programa especial mejoramiento de la calidad de la educación Peruana. Oferta y demanda de formación docente en el Perú   |c Lorena Alcázar; Rosa Balcázar 
260 |a Lima:  |b Ministerio de educación,  |c 2001 
300 |a 107 p. 
440 0 |a Documento de trabajo;  |v No. 7 
520 3 |a Este libro recoge las propuestas de intervención que con el aporte del Banco Mundial se diseñan para mejorar la calidad de la educación, revalorizar la carrera magisterial e incorporar las nuevas tecnologías de la información a la educación publica. 
650 1 4 |a EDUCACIÓN  |z PERÚ 
700 1 |a Balcázar, Rosa. 
999 |c 3276  |d 3276 
856 |u https://catalogo.idep.edu.co/cgi-bin/koha/opac-detail.pl?biblionumber=3276  |z Enlace del recurso